000 00904nas a2200301 4500
001 BR0501697
003 BR-BrBNA
005 20231205105257.0
007 ta
008 230509b bl.|||p| |||| 00| 00por d
040 _aBR-BrBNA
_bpor
_cBiblioteca Nacional de Agricultura
041 _a(Pt)
072 _aF03
100 1 _aLopes, F. de S.
100 1 _aRossetto, C.A.V.
245 1 _aQualidade de sementes de tomate influenciada pelos tratamentos térmico e osmótico
650 _aTOMATE
650 _aLYCOPERSICUM ESCULENTUM
650 _aSEMENTE
650 _aPODER GERMINATIVO
650 _aTRATAMENTO TÉRMICO
650 _aFISIOLOGIA VEGETAL
650 _aQUALIDADE
650 _aRIO DE JANEIRO
773 0 _tHorticultura Brasileira (Brazil)
_xISSN 0102-0536
_g(Jul-Sep 2004), v. 22(3) p. 642-646
_wBR0501697
909 _a202311
_bLúcia
_c55
_dLúcia Elande
942 _2AGRIS
_n0
_cANA
999 _c182143
_d182143